000 01964cam a2200541 i 4500
001 16466
003 KOSZ 005
005 20250728103506.0
008 250728s1975 pl a f 001 0 pol
015 _aUWD 1975/9230
035 _a991024013469705066
035 _a(PL-WaBN)b16557852-48omnis_nlop
035 _ab16557852
035 _a(OCoLC)830618301
035 _a(PL)b0000001655785
035 _a(EXLNZ-48OMNIS_NETWORK)9910295186705606
040 _aWA N
_cWA N
_dKOSZ 005/HR
_dKOSZ 005/RW
046 _k1975
080 _a621.9
080 _a621.757
080 _a621.6
100 1 _aSzenajch, Wiesław
_d(1931- )
_eAutor
245 1 0 _aPrzyrządy i uchwyty pneumatyczne /
_cWiesław Szenajch.
250 _aWydanie I.
260 _aWarszawa :
_bWydawnictwa Naukowo-Techniczne,
_c1975.
300 _a494, [2] strony :
_bilustracje, tabele, wykresy ;
_c21 cm.
336 _aTekst
_btxt
_2rdacontent
337 _aBez urządzenia pośredniczącego
_bn
_2rdamedia
338 _aWolumin
_bnc
_2rdacarrier
380 _aKsiążki
380 _aPublikacje fachowe
388 1 _a1901-2000
388 1 _a1945-1989
490 1 _aBiblioteka Technologa
504 _aBibliografia na stronach 486-[488]. Indeks.
521 8 _aKsiążka jest przeznaczona dla inżynierów i techników konstruktorów przyrządów, uchwytów obróbkowych i montażowych oraz innych urządzeń z napędem (ewentualnie sterowaniem) pneumatycznym.
650 7 _aMaszyny i narzędzia pneumatyczne
_2DBN
650 7 _aMontaż
_2DBN
650 7 _aObrabiarka
_2DBN
650 7 _aUrządzenia
655 7 _aOpracowanie
658 _aInżynieria i technika
710 2 _aWydawnictwa Naukowo-Techniczne
_4pbl
830 0 _aBiblioteka Technologa
856 _uhttp://koha.tu.koszalin.pl/cgi-bin/koha/opac-detail.pl?biblionumber=16466
_yKatalog online BPK
942 _2UKD
_cKS
999 _c16466
_d16466